000 00861 a2200229 4500
008 240605b mp ||||| |||| 00| 0 mon d
020 _a978-99929-0-720-7
035 _a2703
040 _aHE0623081
_bmon
_cMN-UlNLM
_dMN-UlNLM
_erda
041 _amon
042 _a3969
084 _2NNA
_a84.0
_bА. 68
100 _aАояма
245 0 _aОдой өвгөний байшин
264 _aУБ
_bМонсудар хэвлэлийн газар
_c2009
300 _a33х.
336 _2rdacontent
_atext
_btxt
337 _2rdamedia
_aunmediated
_bn
338 _2rdacarrier
_avolume
_bnc
650 _aОдой өвгөн, баавгай, сармагчин, бодон гахай, тоншуул, шувуу гэх мэт ойн бүх амьтад алсыг харах цамхагтай байшин барьсан тухай...
942 _2NNA
_cBK
999 _c875223
_d875280